000 00620nam a2200229 a 4500
005 20140311161022.0
008 030220s19uu xx 00 eng d
050 _aHB 615
_b.Or64 2000
100 _aOrcullo, N. A.
245 _aContemporary entrepreneurship /
_cN. A. Orcullo.
260 _aQuezon City :
_bNEw Galaxie Lithoraphic Arts & Printing Press,
_c2000.
300 _a298 p. :
_bill. ;
_c22 cm.
521 _aBSBA
650 _aEntrepreneurship
650 _aBusiness planning
942 _cBK
_2lcc
_kLOC
999 _c19276
_d19276